Vista normal Vista MARC

Entrada Materia (personas)

Número de registros utilizados en: 1

001 - CONTROL NUMBER

  • control field: 82250

003 - CONTROL NUMBER IDENTIFIER

  • control field: Co-BoUCM

005 - DATE AND TIME OF LATEST TRANSACTION

  • control field: 20161128080635.0

008 - FIXED-LENGTH DATA ELEMENTS

  • fixed length control field: 161128|| aca||aabn | a|a d

040 ## - CATALOGING SOURCE

  • Original cataloging agency: Co-BoUCM
  • Transcribing agency: Co-BoUCM

100 ## - HEADING--PERSONAL NAME

  • Personal name: Iennaco de Moraes, Rodrigo

670 ## - SOURCE DATA FOUND

  • Source citation: Work cat.: (Co-BoUCM)305526: Iennaco de Moraes, Rodrigo, A criminologia da nao cidade , 2016